| 000 | 00601nam a22001817a 4500 | ||
|---|---|---|---|
| 005 | 20100925163833.0 | ||
| 008 | 100925t xxu||||| |||| 00| 0 eng d | ||
| 020 | _c25.00 | ||
| 035 | _aA-879003 | ||
| 082 | _aS | ||
| 100 |
_aDas, Manoj _921789 |
||
| 245 |
_aEqual to a thousand and other tales / _cby Manoj Das ; illustrated by Sisir Dutta |
||
| 260 |
_aMadras _bChandamama Books _c1996 |
||
| 300 |
_a49p. _bill. _c17cm (pbk) |
||
| 700 |
_aDutta Sisir _921790 |
||
| 942 |
_2ddc _cCH _hS _mDAS |
||
| 999 |
_c47791 _d47791 |
||